| 000 | 00363nam a22001337a 4500 | ||
|---|---|---|---|
| 005 | 20170807122837.0 | ||
| 008 | 170807b xxu||||| |||| 00| 0 eng d | ||
| 040 | _cPK-LaUMT | ||
| 082 |
_aZIAC 297.05 _bALD- |
||
| 245 | _aAl darasat ul Islamia/ | ||
| 260 |
_aاسلام آباد: _bمجمع البحوث الاسلامیہ، _c[ ] |
||
| 300 | _a204 ص | ||
| 942 | _cBK | ||
| 999 |
_c96608 _d96608 |
||